[Event "Chigorin Memorial"]
[Site "St Petersburg RUS"]
[Date "2012.11.01"]
[Round "6.49"]
[White "Durarbayli, Vasif"]
[Black "Khakimov, Timur"]
[Result "1-0"]
[WhiteTitle "GM"]
[BlackTitle "IM"]
[WhiteElo "2584"]
[BlackElo "2303"]
[WhiteFideId "13402935"]
[BlackFideId "4169115"]
[EventDate "2012.10.27"]

1. c4 Nf6 2. Nc3 c6 3. e4 d5 4. exd5 cxd5 5. d4 g6 6. cxd5 Nxd5 7. Bc4 Nb6 8.
Bb3 Bg7 9. Nf3 O-O 10. O-O Bg4 11. h3 Bxf3 12. Qxf3 Nc6 13. Be3 Nxd4 14. Qxb7
Qd7 15. Qxd7 Nxd7 16. Rfd1 e5 17. Nb5 Nc5 18. Nxd4 exd4 19. Bxd4 Bxd4 20. Rxd4
Rab8 21. Bd5 Rxb2 22. Rc1 Ne6 23. Ra4 Rd2 24. Bxe6 fxe6 25. Rxa7 Rfxf2 26. Rc8+
Rf8 27. Rcc7 Rff2 28. Kh1 Rf1+ 29. Kh2 Rff2 30. Rc8+ Rf8 31. Rxf8+ Kxf8 32. a4
e5 33. Rxh7 Ra2 34. Ra7 Ra3 35. a5 Kg8 36. a6 e4 37. h4 Kh8 38. g4 Kg8 39. Kg2
Ra2+ 40. Kg3 e3 41. Kf4 e2 42. Re7 Kf8 43. Re3 Kg7 44. a7 Rxa7 45. Rxe2 Kf6 46.
Rf2 Ra4+ 47. Kg3+ Kg7 48. Rf4 Ra3+ 49. Rf3 Ra4 50. Rc3 Ra7 51. Rc4 Rf7 52. Re4
Kg8 53. Re8+ Kg7 54. Re3 Ra7 55. Kf4 Kf6 56. Re4 Ra5 57. g5+ Kf7 58. Rd4 Ra7 59.
Ke5 Re7+ 60. Kd6 Re3 61. Rf4+ Kg7 62. Rd4 Kf7 63. Kd7 Re7+ 64. Kd8 Re8+ 65. Kd7
Re7+ 66. Kc6 Re6+ 67. Kd5 Re7 68. Rf4+ Kg7 69. Kc6 Re1 70. Rd4 Rh1 71. Kd7 Kf7
72. Rf4+ Kg7 73. Re4 Kf7 74. Kd6 Rd1+ 75. Ke5 Rh1 76. Rf4+ Kg7 77. Kd5 Rd1+ 78.
Rd4 Rh1 79. Kd6 Kf8 80. Kc7 Kg7 81. Kd8 Kf8 82. Kd7 Kf7 83. Rf4+ Kg7 84. Rc4
Rd1+ 85. Ke6 Re1+ 86. Kd5 Rd1+ 87. Ke4 Re1+ 88. Kd3 Rd1+ 89. Ke2 Rd7 90. Ke3 Rf7
91. Ke4 Re7+ 92. Kd5 Re1 93. Rc7+ Kg8 94. Kd6 Rh1 95. Ke6 Rxh4 96. Kf6 Ra4 97.
Rg7+ Kf8 98. Kxg6 Ra6+ 99. Kh7 1-0

[Event "Chigorin Memorial"]
[Site "St Petersburg RUS"]
[Date "2012.11.01"]
[Round "6.50"]
[White "Halkias, Stelios"]
[Black "Martynov, Pavel2"]
[Result "1/2-1/2"]
[WhiteTitle "GM"]
[WhiteElo "2581"]
[BlackElo "2303"]
[WhiteFideId "4201809"]
[BlackFideId "4122186"]
[EventDate "2012.10.27"]

1. Nf3 Nf6 2. c4 c6 3. d4 d5 4. e3 a6 5. Bd3 Bg4 6. Nbd2 e6 7. O-O Bf5 8. Qc2
Bxd3 9. Qxd3 Nbd7 10. b3 Be7 11. Bb2 O-O 12. Rad1 a5 13. a3 Bd6 14. e4 dxe4 15.
Nxe4 Nxe4 16. Qxe4 Qe7 17. a4 Rfd8 18. Rfe1 Nf6 19. Qh4 Bb4 20. Re3 b5 21. Red3
Ba3 22. Ba1 bxc4 23. bxc4 Rab8 24. Ne5 Rdc8 25. Rg3 Ne8 26. Qe4 Bd6 27. Nxc6 Qb7
28. d5 Bxg3 29. hxg3 Qb3 30. Re1 Rxc6 31. dxc6 Qxa4 32. Qe5 Rc8 33. Qb5 Qb4 34.
Rd1 f6 35. Qa6 Qa4 36. Qxc8 Qxd1+ 37. Kh2 Qh5+ 38. Kg1 Qd1+ 39. Kh2 Qh5+ 40. Kg1
Qd1+ 1/2-1/2

[Event "Chigorin Memorial"]
[Site "St Petersburg RUS"]
[Date "2012.11.01"]
[Round "6.52"]
[White "Ajrapetjan, Yuriy"]
[Black "Yakimenko, Alexander A."]
[Result "1-0"]
[WhiteTitle "GM"]
[WhiteElo "2502"]
[BlackElo "2220"]
[WhiteFideId "14109069"]
[BlackFideId "24141917"]
[EventDate "2012.10.27"]

1. d4 e6 2. c4 Nf6 3. Nc3 Bb4 4. e3 b6 5. Ne2 Bb7 6. a3 Be7 7. d5 O-O 8. Ng3 a5
9. e4 Na6 10. Be2 d6 11. O-O Re8 12. f4 exd5 13. cxd5 c6 14. Be3 Bf8 15. Bd4 Nc5
16. Bf3 cxd5 17. exd5 Ba6 18. Rf2 Nd3 19. Re2 Nxf4 20. Rxe8 Nxe8 21. Qd2 Ng6 22.
Na4 Rb8 23. Nxb6 Be7 24. Qxa5 Bf6 25. Bf2 Bd3 26. Rd1 Ne5 27. Qa7 g6 28. b4 h5
29. h3 h4 30. Ne4 Nxf3+ 31. gxf3 Bxe4 32. fxe4 Be5 33. Qd7 Qf6 34. Qg4 Bg3 35.
Bd4 Qe7 36. Rc1 Ng7 37. Nd7 Ra8 38. Nf6+ Kf8 39. Rc8+ Rxc8 40. Qxc8+ Ne8 41. b5 1-0

[Event "Chigorin Memorial"]
[Site "St Petersburg RUS"]
[Date "2012.11.01"]
[Round "6.53"]
[White "Stukopin, Andrey"]
[Black "Samdanov, Samdan"]
[Result "1-0"]
[WhiteTitle "IM"]
[WhiteElo "2494"]
[BlackElo "2221"]
[WhiteFideId "24107131"]
[BlackFideId "4188101"]
[EventDate "2012.10.27"]

1. e4 c5 2. Nf3 d6 3. d4 cxd4 4. Nxd4 Nf6 5. Nc3 a6 6. Be3 e6 7. Be2 Qc7 8. O-O
b5 9. a3 Bb7 10. Bd3 Nbd7 11. f4 Nc5 12. Qf3 g6 13. Rad1 Bg7 14. Ndxb5 axb5 15.
Nxb5 Qc6 16. Nxd6+ Ke7 17. Nxb7 Nxb7 18. e5 1-0

[Event "Chigorin Memorial"]
[Site "St Petersburg RUS"]
[Date "2012.11.01"]
[Round "6.54"]
[White "Ulyanin, Sergei"]
[Black "Moiseenko, Vadim"]
[Result "1/2-1/2"]
[WhiteTitle "FM"]
[WhiteElo "2308"]
[BlackElo "2477"]
[WhiteFideId "24105805"]
[BlackFideId "4123700"]
[EventDate "2012.10.27"]

1. e4 c5 2. Nf3 Nf6 3. e5 Nd5 4. d4 cxd4 5. Qxd4 e6 6. c4 Nc6 7. Qe4 f5 8. Qe2
Bb4+ 9. Nbd2 Nf4 10. Qe3 Ng6 11. a3 Qa5 12. axb4 Qxa1 13. Nb3 Qa4 14. b5 Nb4 15.
Nfd4 b6 16. Be2 Bb7 17. O-O f4 18. Qh3 O-O 19. Bd2 Nc2 20. Qc3 Nxd4 21. Nxd4 a5
22. Nc2 Be4 23. Bd1 Bxc2 24. Bxc2 Qb4 25. Qd3 Qc5 26. Bc3 Rad8 27. h4 Rf5 28.
Qd4 Rh5 29. Qxc5 bxc5 30. Bxa5 Rf8 31. Bxg6 hxg6 32. Bc7 Kf7 33. g3 g5 34. b6
gxh4 35. b7 Rhh8 36. gxf4 Rb8 37. Bxb8 Rxb8 38. Ra1 Rxb7 39. Ra5 Rxb2 40. Rxc5
Kg6 41. Rc7 Rd2 42. c5 Rd4 43. c6 dxc6 44. Rxc6 Kf5 45. Rc7 Rxf4 46. Rxg7 Kxe5
47. Kg2 Ke4 48. Ra7 e5 49. Ra4+ Kf5 50. Ra8 Rc4 1/2-1/2

[Event "Chigorin Memorial"]
[Site "St Petersburg RUS"]
[Date "2012.11.01"]
[Round "6.55"]
[White "Golovin, Leonid"]
[Black "Marusenko, Petr"]
[Result "1/2-1/2"]
[BlackTitle "IM"]
[WhiteElo "2475"]
[BlackElo "2175"]
[WhiteFideId "4113381"]
[BlackFideId "14100606"]
[EventDate "2012.10.27"]

1. e4 c6 2. d3 d5 3. Nd2 e5 4. Ngf3 Nd7 5. g3 Ngf6 6. Bg2 Bd6 7. O-O O-O 8. Nh4
Re8 9. h3 Bf8 10. Re1 a5 11. a4 g6 12. Nhf3 Bg7 13. Nb3 Qc7 14. Nh2 Nf8 15. c3
Be6 16. Nc5 Bc8 17. exd5 Nxd5 18. d4 Ne6 19. Nxe6 Bxe6 20. dxe5 Bxe5 21. Bh6
Rad8 22. Qc1 Bh8 23. Nf3 Nf6 24. Bf4 Qc8 25. Kh2 Bd5 26. Be3 Qf5 27. Nh4 Qc8 28.
Bb6 Bxg2 29. Nxg2 Rxe1 30. Qxe1 Re8 31. Qd2 Qf5 32. Re1 Rxe1 33. Qxe1 Bg7 34.
Qe7 Ne4 35. f4 Bf8 36. Qd8 Qe6 37. Bxa5 Qb3 38. Qd4 Qc2 39. Bc7 Nd2 40. Qf2 Qxb2
41. Be5 Nc4 42. Qd4 Qe2 43. Kh1 Nd2 44. Qe3 Qf1+ 45. Qg1 Qxg1+ 46. Kxg1 Nf3+ 47.
Kf2 Nxe5 48. fxe5 Bg7 49. e6 fxe6 50. c4 Kf7 51. Kf3 Ke7 52. Ke4 Kd6 53. Nf4 c5
54. Nd3 Bd4 55. Nc1 Bb2 56. Nd3 Bc3 57. g4 b6 58. Nc1 Ke7 59. Ne2 Bb2 60. Ng1
Bc1 61. Nf3 Kd6 62. Ne5 Ke7 63. h4 Bd2 64. Nf3 Bc3 65. Kd3 Bb2 66. Ke4 1/2-1/2

[Event "Chigorin Memorial"]
[Site "St Petersburg RUS"]
[Date "2012.11.01"]
[Round "6.56"]
[White "Molchanova, Tatjana"]
[Black "Yagupov, Igor"]
[Result "1/2-1/2"]
[WhiteTitle "WGM"]
[BlackTitle "GM"]
[WhiteElo "2303"]
[BlackElo "2465"]
[WhiteFideId "4132203"]
[BlackFideId "4113632"]
[EventDate "2012.10.27"]

1. d4 f5 2. Nf3 Nf6 3. g3 g6 4. Bg2 Bg7 5. O-O O-O 6. b3 d6 7. Bb2 Qe8 8. Nbd2
Na6 9. c4 Rb8 10. Rc1 e5 11. dxe5 Ng4 12. h3 Nxe5 13. Ba1 Bd7 14. Nd4 f4 15. Ne4
Nc5 16. Nxc5 dxc5 17. Nf3 Nxf3+ 18. exf3 Bxa1 19. Rxa1 Bc6 20. Qc2 Qe5 21. Rae1
Qf6 22. Re2 Rbd8 23. g4 Rfe8 24. Rfe1 Rxe2 25. Qxe2 Kf7 26. Rd1 Re8 27. Qd2 b6
28. Qc2 Re6 29. Qd2 Ke8 30. Re1 Rxe1+ 31. Qxe1+ Kd7 32. Bf1 Bxf3 33. Bg2 Bxg2
34. Kxg2 Qc6+ 35. Kg1 Qe6 36. Qd2+ Qd6 37. Qe2 g5 38. Qe4 h6 39. Qh7+ Kc8 40.
Qf5+ Kb7 41. Qe4+ Ka6 42. Qe2 Qd4 43. Kg2 Qc3 44. Qe8 Qc2 45. Qc8+ Ka5 46. Qxc7
a6 47. Qe5 Kb4 48. Qe6 Ka3 49. Qxb6 Qe4+ 50. Kg1 Qe1+ 51. Kg2 Qe4+ 52. Kg1 1/2-1/2

[Event "Chigorin Memorial"]
[Site "St Petersburg RUS"]
[Date "2012.11.01"]
[Round "6.57"]
[White "Vavulin, Maksim"]
[Black "Arslanov, Shamil"]
[Result "1/2-1/2"]
[BlackTitle "IM"]
[WhiteElo "2293"]
[BlackElo "2421"]
[WhiteFideId "4169530"]
[BlackFideId "4192826"]
[EventDate "2012.10.27"]

1. e4 e6 2. d3 d5 3. Nd2 c5 4. g3 Nc6 5. Bg2 g6 6. Ngf3 Bg7 7. O-O Nge7 8. Re1
b6 9. h4 h6 10. c3 a5 11. a4 Ra7 12. Nf1 d4 13. c4 e5 14. h5 Bg4 15. hxg6 fxg6
16. N1h2 Be6 17. Nh4 O-O 18. f4 Qd7 19. Qe2 Kh7 20. Kh1 Bf6 21. N4f3 Raa8 22.
Rg1 Rf7 23. Bd2 Raf8 24. Raf1 Ng8 25. Bc1 Kg7 26. Ne1 Bd8 27. Bf3 Bc7 28. Ng2
Bh3 29. Bg4 Bxg4 30. Nxg4 Nb4 31. Nf2 Qxa4 32. Nh4 Qc6 33. Rg2 Ne7 34. Nh3 g5
35. Qg4 Nxd3 36. f5 Nxc1 37. Rxc1 Rf6 38. Kg1 R8f7 39. Rh2 Kf8 40. Nf3 Nxf5 41.
exf5 Rxf5 42. Nd2 Qg6 43. Nf2 h5 44. Qe4 g4 45. Nd3 Kg7 46. Re1 Qh6 47. Rf1 Qg6
48. Rxf5 Qxf5 49. Re2 Qxe4 50. Rxe4 Rf5 51. b3 Kg6 52. Kg2 Bd6 53. Re1 Bc7 54.
Re4 Bd6 55. Re1 Bc7 56. Re4 1/2-1/2

[Event "Chigorin Memorial"]
[Site "St Petersburg RUS"]
[Date "2012.11.01"]
[Round "6.58"]
[White "Mishuchkov, Nikolai M."]
[Black "Aminov, Andrey"]
[Result "1-0"]
[WhiteTitle "IM"]
[WhiteElo "2393"]
[BlackElo "2147"]
[WhiteFideId "4102401"]
[BlackFideId "24162728"]
[EventDate "2012.10.27"]

1. d4 Nf6 2. Nf3 g6 3. g3 Bg7 4. Bg2 O-O 5. O-O d6 6. a4 Nbd7 7. a5 c6 8. Nc3
Qc7 9. h3 Re8 10. Qd3 e5 11. dxe5 Nxe5 12. Nxe5 dxe5 13. Qc4 Be6 14. Qh4 Nd5 15.
Ne4 Qd8 16. Qxd8 Raxd8 17. c4 Ne7 18. Ra4 b5 19. axb6 axb6 20. Bg5 b5 21. Ra7
Nc8 22. Rc7 Bxc4 23. Bxd8 Rxd8 24. Rxc6 Bxe2 25. Ra1 Ne7 26. Rd6 Rf8 27. Rd2 Bc4
28. Nd6 Nf5 29. Nxc4 bxc4 30. Ra4 Rc8 31. Bb7 Rc7 32. Rd8+ Bf8 33. Bd5 c3 34.
bxc3 Kg7 35. g4 Nd6 36. c4 Be7 37. Rb8 e4 38. Rb6 f5 39. g5 Nc8 40. Rb7 Rxb7 41.
Bxb7 Nb6 42. Ra7 Kf8 43. h4 e3 44. fxe3 Bc5 45. Ba6 Bxe3+ 46. Kg2 Kg8 47. Kf3
Bg1 48. Bb5 Kh8 49. Rc7 h6 50. gxh6 f4 51. Be8 Be3 52. Bxg6 Bd4 53. c5 Bxc5 54.
Rxc5 1-0

[Event "Chigorin Memorial"]
[Site "St Petersburg RUS"]
[Date "2012.11.01"]
[Round "6.59"]
[White "Tseitlin, Mark D"]
[Black "Menkov, Aleksandr"]
[Result "0-1"]
[WhiteTitle "GM"]
[WhiteElo "2390"]
[BlackElo "2142"]
[WhiteFideId "2800128"]
[BlackFideId "24160326"]
[EventDate "2012.10.27"]

1. e4 c5 2. Nf3 e6 3. Nc3 Nc6 4. Bb5 Nd4 5. O-O a6 6. Bd3 Nxf3+ 7. Qxf3 Bd6 8.
Re1 Qc7 9. g3 h5 10. b3 Be5 11. Bb2 Ne7 12. Nd1 Ng6 13. c3 b6 14. Bf1 Bb7 15. d4
Bd6 16. Bg2 f5 17. Qe2 f4 18. Qd3 fxg3 19. fxg3 e5 20. Ne3 h4 21. Nf5 O-O-O 22.
d5 hxg3 23. hxg3 c4 24. Nxd6+ Qxd6 25. Qxc4+ Kb8 26. Qe2 Rdf8 27. Bc1 Nf4 28.
gxf4 exf4 29. e5 Qg6 30. Qc4 Qg3 31. e6 Bxd5 32. Qxd5 Qxe1+ 33. Bf1 Qg3+ 34. Qg2
Qxc3 35. Qf2 Ka7 36. Bb2 Qc6 37. Bg2 f3 38. Bf1 Qxe6 0-1

[Event "Chigorin Memorial"]
[Site "St Petersburg RUS"]
[Date "2012.11.01"]
[Round "6.60"]
[White "Mirzoeva, Elmira"]
[Black "Khusenkhojaev, Muhammad"]
[Result "0-1"]
[WhiteTitle "WGM"]
[WhiteElo "2283"]
[BlackElo "2377"]
[WhiteFideId "4127951"]
[BlackFideId "14700247"]
[EventDate "2012.10.27"]

1. d4 d5 2. Nf3 Nf6 3. c4 dxc4 4. e3 e6 5. Bxc4 c5 6. O-O a6 7. Bb3 b5 8. a4 b4
9. Nbd2 Bb7 10. a5 Nbd7 11. Nc4 Be7 12. Nfe5 O-O 13. Qe2 Qc7 14. Bd2 Rad8 15.
Rfc1 Qb8 16. Ba4 Nxe5 17. dxe5 Nd7 18. f4 Bd5 19. Bxd7 Bxc4 20. Rxc4 Rxd7 21. e4
Rfd8 22. Be3 Qb5 23. f5 Rd3 24. Rac1 Qxa5 25. f6 Bf8 26. Bxc5 Bxc5+ 27. Rxc5 Qb6
28. Kf1 h6 29. Rc8 Qd4 30. Rxd8+ Qxd8 31. Qg4 g6 32. h4 h5 33. Qf4 Rd1+ 34. Rxd1
Qxd1+ 35. Kf2 Qd4+ 36. Kf1 Kh7 37. b3 a5 38. Ke2 a4 39. bxa4 b3 40. Qd2 Qxe4+
41. Kd1 Qxa4 42. Ke2 Qa2 43. Ke3 Qxd2+ 44. Kxd2 g5 45. Kc3 Kg6 46. Kxb3 gxh4 47.
Kc4 Kf5 48. Kd4 Kf4 0-1

[Event "Chigorin Memorial"]
[Site "St Petersburg RUS"]
[Date "2012.11.01"]
[Round "6.62"]
[White "Naboka, Sergey"]
[Black "Dimukhametov, Artur"]
[Result "1-0"]
[BlackTitle "FM"]
[WhiteElo "2256"]
[BlackElo "2347"]
[WhiteFideId "14123452"]
[BlackFideId "4195680"]
[EventDate "2012.10.27"]

1. e4 e5 2. Nf3 Nf6 3. Nxe5 d6 4. Nf3 Nxe4 5. Nc3 Nxc3 6. dxc3 Be7 7. Bf4 Nd7 8.
Qd2 Nc5 9. O-O-O O-O 10. h4 Be6 11. Kb1 Qd7 12. Nd4 Rab8 13. Be2 b5 14. Bg5 Rfe8
15. Bf3 Rb6 16. h5 b4 17. cxb4 Bxa2+ 18. Kc1 Bxg5 19. Qxg5 Ne6 20. Qd2 Qa4 21.
Qc3 c5 22. Nxe6 Bxe6 23. h6 gxh6 24. b5 Qf4+ 25. Kb1 Reb8 26. Bc6 a6 27. Rd3
axb5 28. Re1 Rxc6 29. Rxe6 fxe6 30. Rg3+ Qxg3 31. Qxg3+ Kh8 32. Qc3+ Kg8 33.
Qg3+ Kh8 34. Qe3 Re8 35. Qxh6 Rc7 36. f4 Rf7 37. g4 e5 38. Qh5 Kg8 39. f5 e4 40.
Kc1 e3 41. Kd1 e2+ 42. Ke1 Re5 43. Qg5+ Kf8 44. Qd8+ Re8 45. Qxd6+ Kg7 46. Qc6
Re5 47. Qd6 Re4 48. Qd5 Rxg4 49. Qe5+ Kh6 50. Qe6+ Kg7 51. f6+ 1-0

[Event "Chigorin Memorial"]
[Site "St Petersburg RUS"]
[Date "2012.11.01"]
[Round "6.63"]
[White "Toivonen, Alexander V."]
[Black "Charochkina, Daria"]
[Result "0-1"]
[WhiteTitle "FM"]
[BlackTitle "WGM"]
[WhiteElo "2250"]
[BlackElo "2343"]
[WhiteFideId "4107918"]
[BlackFideId "4180917"]
[EventDate "2012.10.27"]

1. d4 Nf6 2. Nf3 g6 3. c4 Bg7 4. Nc3 d5 5. g3 dxc4 6. Bg2 c6 7. O-O O-O 8. a4 a5
9. e4 Nfd7 10. Be3 Na6 11. Qe2 Nb6 12. Rfd1 Be6 13. Ng5 Bd7 14. d5 cxd5 15. Bxb6
Qxb6 16. Nxd5 Qc5 17. e5 Bf5 18. Rac1 Bd3 19. Qg4 Nb4 20. Qh4 h6 21. Rxd3 Nxd3
22. Ne4 Qxd5 23. Nf6+ Bxf6 0-1

[Event "Chigorin Memorial"]
[Site "St Petersburg RUS"]
[Date "2012.11.01"]
[Round "6.64"]
[White "Zalkind, Konstantin"]
[Black "Krivenko, Sergey"]
[Result "0-1"]
[WhiteTitle "FM"]
[WhiteElo "2232"]
[BlackElo "2341"]
[WhiteFideId "2803461"]
[BlackFideId "24124753"]
[EventDate "2012.10.27"]

1. d4 Nf6 2. c4 c5 3. d5 b5 4. Nd2 b4 5. e4 d6 6. Bd3 g6 7. Ngf3 Bg7 8. O-O O-O
9. Re1 Nfd7 10. a3 bxa3 11. Rxa3 Na6 12. Nb1 Nb4 13. Nc3 Ne5 14. Nxe5 Bxe5 15.
Bf1 e6 16. Be3 exd5 17. cxd5 Re8 18. Qd2 Bd7 19. f4 Bg7 20. Bf2 Qb6 21. Bc4 a5
22. Raa1 f5 23. exf5 Bxf5 24. Rxe8+ Rxe8 25. Re1 Rxe1+ 26. Qxe1 Nc2 27. Qe8+ Bf8
28. b3 Qc7 29. Ne4 Qe7 30. Qxe7 Bxe7 31. Nxc5 Na3 32. Nb7 a4 33. Bd4 Nxc4 34.
bxc4 a3 35. Kf2 Bf8 36. c5 a2 37. Na5 dxc5 38. Be5 c4 39. Ke3 Bg7 0-1

[Event "Chigorin Memorial"]
[Site "St Petersburg RUS"]
[Date "2012.11.01"]
[Round "6.66"]
[White "Tsydypov, Zhamsaran"]
[Black "Saveliev, Alexei"]
[Result "1-0"]
[WhiteTitle "FM"]
[WhiteElo "2338"]
[BlackElo "2126"]
[WhiteFideId "4108566"]
[BlackFideId "24128546"]
[EventDate "2012.10.27"]

1. e4 e6 2. d3 d5 3. Nd2 c5 4. Ngf3 Nc6 5. Be2 Nf6 6. O-O Be7 7. Re1 b6 8. Bf1
Bb7 9. c3 Qc7 10. a3 O-O 11. b4 d4 12. cxd4 cxb4 13. a4 Rac8 14. Bb2 Rfd8 15.
Rc1 Qd7 16. Nc4 Ba6 17. Nfe5 Nxe5 18. dxe5 Ne8 19. d4 Bg5 20. Nxb6 axb6 21. Bxa6
Rxc1 22. Bxc1 Bxc1 23. Bb5 Qxd4 24. Qxd4 Rxd4 25. Rxc1 b3 26. f3 b2 27. Rb1 Rd2
28. Kf1 Rc2 29. Bd3 Rd2 30. Be2 Rc2 31. Kf2 f6 32. f4 fxe5 33. fxe5 Kf7 34. Ke3
Rc3+ 35. Kd4 Ra3 36. Rxb2 Rxa4+ 37. Bc4 Ke7 38. Rxb6 Nc7 39. Kc5 Kd7 40. Rd6+
Kc8 41. Rd4 Kb8 42. Kc6 Rb4 43. Rd8+ Ka7 44. Bd3 Na8 45. Rd7+ Kb8 46. Bb5 Rxe4
47. Rb7+ Kc8 48. Rxg7 Kb8 49. Rb7+ Kc8 50. Rxh7 Kb8 51. Rb7+ Kc8 52. Ba6 Ra4 53.
Rb6+ 1-0

[Event "Chigorin Memorial"]
[Site "St Petersburg RUS"]
[Date "2012.11.01"]
[Round "6.67"]
[White "Semenova, Irina"]
[Black "Usmanov, Vasily"]
[Result "0-1"]
[WhiteTitle "WGM"]
[WhiteElo "2216"]
[BlackElo "2336"]
[WhiteFideId "4118367"]
[BlackFideId "4135741"]
[EventDate "2012.10.27"]

1. e4 c5 2. Nf3 d6 3. d4 cxd4 4. Nxd4 Nf6 5. Nc3 Nc6 6. Bg5 e6 7. Qd2 a6 8.
O-O-O Bd7 9. f4 Be7 10. Be2 b5 11. a3 Qb6 12. Nxc6 Bxc6 13. e5 dxe5 14. fxe5 Rd8
15. Qf4 Ng8 16. Rhf1 Rxd1+ 17. Bxd1 f5 18. exf6 Nxf6 19. Qe5 Kd7 20. Bf3 Bxf3
21. gxf3 Rc8 22. Rd1+ Ke8 23. Bxf6 Bxf6 24. Qh5+ Ke7 25. Ne4 Qc7 26. c3 Qf4+ 27.
Kc2 Be5 28. Rd2 Qf5 29. Qh4+ g5 30. Qh5 Bf4 31. Rd3 Rd8 32. Rxd8 Kxd8 33. h4
gxh4 34. Qxh4+ Kd7 35. Qf2 h5 36. Kb3 Ke8 37. Kb4 Bc7 38. Qc5 Qxc5+ 39. Kxc5 h4
40. Nf2 Bf4 41. Ng4 Bc1 42. Kb6 Bxb2 43. Kxa6 h3 44. Kxb5 Bxc3 45. a4 Be5 46. a5
h2 47. Nf2 Kd7 48. Kc5 Bc7 49. Kd4 Bxa5 50. Ke4 Ke7 51. Kf4 Be1 52. Nh1 Kf6 53.
Ke3 Kf5 54. Ke2 Bh4 55. Kf1 Kf4 56. Kg2 Be1 57. Kxh2 Kxf3 58. Kh3 Ke3 59. Kg2 e5
60. Kf1 Bh4 61. Kg2 e4 62. Kh3 Be1 63. Kg2 Ke2 64. Kg1 e3 65. Kg2 Bf2 0-1

[Event "Chigorin Memorial"]
[Site "St Petersburg RUS"]
[Date "2012.11.01"]
[Round "6.69"]
[White "Mrykhin, Igor"]
[Black "Biriukov, Oleg V."]
[Result "0-1"]
[BlackTitle "IM"]
[WhiteElo "2110"]
[BlackElo "2327"]
[WhiteFideId "24168106"]
[BlackFideId "4123174"]
[EventDate "2012.10.27"]

1. b4 e5 2. Bb2 Bxb4 3. Bxe5 Nf6 4. c4 O-O 5. e3 Re8 6. Nf3 d5 7. a3 Ba5 8. cxd5
Nxd5 9. Be2 c5 10. O-O Nc6 11. Bb2 Qb6 12. Qc2 Bf5 13. d3 c4 14. Bc1 cxd3 15.
Bxd3 Bxd3 16. Qxd3 Rad8 17. Qc2 Qc7 18. Bb2 Ne5 19. Qxc7 Nxf3+ 20. gxf3 Bxc7 21.
Rd1 b5 22. Bd4 Bb6 23. Bxb6 Nxb6 24. Nc3 a6 25. Rdb1 Rc8 26. Rb3 Rc4 27. Rd1 Kf8
28. Kg2 Ke7 29. Nd5+ Nxd5 30. Rxd5 Rd8 31. Re5+ Kf6 32. f4 g6 33. Kf3 Rd2 34.
Re8 Rcc2 35. Ra8 Rxf2+ 36. Kg3 Rg2+ 37. Kf3 Kg7 38. Rxa6 f5 39. e4 Rxh2 40. Ra7+
Kh6 41. Kg3 fxe4 42. f5 Kg5 0-1

[Event "Chigorin Memorial"]
[Site "St Petersburg RUS"]
[Date "2012.11.01"]
[Round "6.71"]
[White "Monin, Nikolay"]
[Black "Trapeznikova, Darya"]
[Result "1/2-1/2"]
[WhiteTitle "IM"]
[WhiteElo "2325"]
[BlackElo "2072"]
[WhiteFideId "4104013"]
[BlackFideId "24121118"]
[EventDate "2012.10.27"]

1. d4 d5 2. Nf3 e6 3. c4 c6 4. e3 f5 5. Bd3 Nf6 6. O-O Bd6 7. b3 Qe7 8. Bb2 O-O
9. Nbd2 Ne4 10. Ne5 b6 11. f3 Nxd2 12. Qxd2 Bb7 13. e4 Bxe5 14. dxe5 fxe4 15.
fxe4 Nd7 16. exd5 cxd5 17. Qe3 Rxf1+ 18. Rxf1 Rf8 19. Rxf8+ Nxf8 20. h3 Bc6 21.
Bd4 Nd7 22. Kh2 Nc5 23. cxd5 exd5 24. Bc2 Ne4 25. Bb1 Bb7 26. Bb2 Qc5 27. Qf4
Qf8 28. Qe3 Qc5 29. Bd4 Qe7 30. Qf4 Qf8 31. Qc1 Qc8 32. Qe1 Qf8 33. Qc1 Qc8 34.
Qxc8+ Bxc8 35. Bd3 Kf7 36. Kg1 g6 37. Kf1 Ng3+ 38. Kf2 Nf5 39. Bb2 Ke6 40. g4
Ne7 41. Ke3 Nc6 42. Kf4 Nb4 43. Bb1 Ba6 44. a3 Nd3+ 45. Bxd3 Bxd3 46. Kg5 Bf1
47. h4 Be2 1/2-1/2

[Event "Chigorin Memorial"]
[Site "St Petersburg RUS"]
[Date "2012.11.01"]
[Round "6.72"]
[White "Nasybullina, Alfia"]
[Black "Buchenau, Frank"]
[Result "1/2-1/2"]
[BlackTitle "FM"]
[WhiteElo "2076"]
[BlackElo "2324"]
[WhiteFideId "4132416"]
[BlackFideId "4604350"]
[EventDate "2012.10.27"]

1. d4 e6 2. Nf3 Nf6 3. e3 b6 4. Bd3 Bb7 5. O-O d5 6. c4 Bd6 7. b3 O-O 8. Bb2
Nbd7 9. Ne5 Bxe5 10. dxe5 Ne4 11. Qh5 Ndc5 12. Bc2 dxc4 13. bxc4 Qg5 14. Qxg5
Nxg5 15. f3 h5 16. h4 Nh7 17. Nc3 Rfd8 18. Rfd1 Nf8 19. Nb5 Bc6 20. Nxc7 Rac8
21. Nb5 Bxb5 22. cxb5 Ng6 23. Bxg6 fxg6 24. Bd4 Nb7 25. Rac1 Na5 26. Kf2 Nc4 27.
Rd3 Na5 28. Rdc3 Rxc3 29. Rxc3 Rd5 30. a4 Rd7 31. Ke2 Nb7 32. Rc8+ Kf7 33. Ra8
Na5 34. Bc3 Nb3 35. Rc8 Nc1+ 36. Kf1 g5 37. Bd4 Nb3 38. hxg5 Kg6 39. Rc6 Kf5 40.
Rd6 Rc7 41. Kf2 h4 42. Rc6 Rd7 43. e4+ Kf4 44. Be3+ Kxe5 45. Rc4 g6 46. f4+ Kd6
47. Rc3 Na5 48. Rd3+ Ke7 49. Rxd7+ Kxd7 50. Ke2 Nc4 51. Bd4 Nd6 52. Kd3 Nb7 53.
Kc4 Nd6+ 54. Kd3 Nb7 55. Bf2 Kd6 56. Kc4 Na5+ 57. Kd4 e5+ 58. fxe5+ Ke6 59. Bxh4
Nb3+ 60. Kc4 Nc5 61. a5 Nxe4 62. Be1 Kxe5 63. a6 Nd6+ 64. Kb4 Ne4 65. Kb3 Kd4
66. Kb4 Kd3 67. Kb3 Kd4 68. Kb4 Kd5 69. Bh4 Kd4 70. Be1 Kd3 71. Kb3 Nc5+ 72. Kb4
Ke4 73. Bg3 Nd3+ 74. Kb3 Ne5 75. Bf2 Nf7 76. Kc4 Ne5+ 77. Kc3 Nd7 78. Kc4 Ne5+
79. Kc3 Nd7 1/2-1/2

[Event "Chigorin Memorial"]
[Site "St Petersburg RUS"]
[Date "2012.11.01"]
[Round "6.73"]
[White "Panov, Ivan"]
[Black "Bazeev, German"]
[Result "0-1"]
[WhiteElo "2021"]
[BlackElo "2319"]
[WhiteFideId "24177750"]
[BlackFideId "24119350"]
[EventDate "2012.10.27"]

1. c4 Nf6 2. g3 e6 3. Bg2 d5 4. cxd5 exd5 5. Nf3 Bd6 6. O-O O-O 7. d3 Bg4 8. Qb3
Nc6 9. Qxb7 Nb4 10. Nc3 Bd7 11. Nd4 c5 12. Nxd5 Nbxd5 13. Bxd5 Rb8 14. Nc6 Bxc6
15. Qxc6 Rb6 16. Bxf7+ Rxf7 17. Qa4 Qc8 18. Kg2 Rb4 19. Qa5 Qc6+ 20. f3 Bc7 21.
Qa3 Re7 22. e4 Rd7 23. Rd1 Qb5 24. Qc3 Rbd4 25. a4 Qa6 26. Ra3 c4 0-1

[Event "Chigorin Memorial"]
[Site "St Petersburg RUS"]
[Date "2012.11.01"]
[Round "6.74"]
[White "Zvjaginsev, Vadim"]
[Black "Cheremnova, Tamara"]
[Result "1-0"]
[WhiteTitle "GM"]
[BlackTitle "WFM"]
[WhiteElo "2678"]
[BlackElo "2235"]
[WhiteFideId "4113403"]
[BlackFideId "4175026"]
[EventDate "2012.10.27"]

1. d4 d5 2. c4 e6 3. Nf3 c6 4. Nbd2 f5 5. Ne5 Nf6 6. e3 Bd6 7. Be2 O-O 8. O-O
Nbd7 9. f4 Ne4 10. Nxe4 fxe4 11. Bd2 Nxe5 12. dxe5 Bc7 13. Rc1 Qe7 14. Qb3 Bb6
15. cxd5 exd5 16. Bb4 Bxe3+ 17. Kh1 c5 18. Bxc5 Bxc5 19. Qxd5+ Be6 20. Qxc5 Qxc5
21. Rxc5 Rac8 22. b4 Bxa2 23. Kg1 Rxc5 24. bxc5 g6 25. g3 Rc8 26. Rc1 Kf7 27.
Kf2 h5 28. Ke3 Bd5 29. Ra1 a6 30. Bf1 Ke7 31. Ra5 Rc7 32. Bg2 Ke6 33. Bxe4 Bxe4
34. Kxe4 Rd7 35. c6 bxc6 36. Rxa6 Rd2 37. Rxc6+ Kf7 38. Rc7+ Ke6 39. Rg7 Re2+
40. Kf3 Rxh2 41. Rxg6+ 1-0